02212cam a2200313 i 45000010009000000050017000090080041000260100017000670200018000840200018001020200018001200410008001380420008001460820016001541000021001702450093001912600028002842640055003123000023003673360026003903370028004163380027004445040051004715201181005226500018017036500018017217000016017397760143017552290399720250402150239.0221216s2023 enk b 001 0 eng  a 2022056197 a9781032287638 a9781032287614 z9781003298427 aeng apcc00a302.346 COS1 aCosgrove, Emily,10aConversational Wisdom : Strengthening Human Connection Through The Power Of Conversation aLondonbRoutledgec2023 1aLondon :bRoutledge/Taylor & Francis Group,c2023. a187 pages ;c20 cm atextbtxt2rdacontent aunmediatedbn2rdamedia avolumebnc2rdacarrier aIncludes bibliographical references and index. a"Conversation: the heartbeat of our organisations. Right now, we're at risk of losing the art of doing it well. We need to radically change how we talk to each other, to create workplaces where people feel they belong and can thrive. This book will help you understand how to grow your conversational wisdom to create more inclusive and collaborative environments and to make work more meaningful. Conversations carry the greatest potential to impact culture, performance, brand, and engagement. Yet conversation is an under-rated and under-developed skill. Emily Cosgrove and Sara Hope have spent the last 25 years helping people and organisations strengthen human connection through the power of conversation. Drawing from their experience of working with global jewellers to charities, professional services to B-Corporations, they share a wealth of tips, tools, stories, and case studies. Written in a style that is easy to understand, they offer advice on how to get the best out of conversations and get underneath some of the challenges we all face. This is essential reading for learning and development experts, people leaders, coaches and mentors, and HR managers"-- 0aConversation. 0aOrganization.1 aHope, Sara,08iOnline version:aCosgrove, Emily.tConversational wisdomdAbingdon, Oxon ; New York, NY : Routledge, 2023z9781003298427w(DLC) 2022056198